000 01108cam a22003377a 4500
003 CHAP
005 20220329134635.0
008 971013s1957 r 00010 d
010 _a23470
011 _a24442
035 _a28541
040 _cCHAP
090 _aFolleto 7592
100 0 0 _aBrauer Herrera, Oscar.
_915091
245 1 3 _aEl chile; indicaciones generales para su cultivo
260 _aMéxico, D. F. :
_bOficina de Estudios,
_c1957
300 _a26 p.
_b: ilus.
490 0 _aFolleto de divulgaciones
_v; 23
590 _aBATCH-UPD
_b10
_c20130110
_lUCH01
_h1604
590 _aBATCH-UPD
_b10
_c20130410
_lUCH01
_h1000
590 _aBATCH-UPD
_b10
_c20130914
_lUCH01
_h0922
590 _aCONVERSION
_b10
_c20130109
_lUCH01
_h1314
650 1 4 _aChile (Botánica)
_922341
700 0 _aRichardson, Ralph W.
_997284
830 0 _aFolleto de divulgaciones
_v; 23
_942032
901 _aBK
942 _cFOLL
949 _aFolleto 7592
_bBC
_cFOLL
_d-65795
_eTS2
_i28541
_si
949 _aFolleto 7592
_bBC
_cFOLL
_d-65798
_eTS2
_fc.2
_i28541
_si
949 _aFolleto 7592
_bBC
_cFOLL
_d-65799
_eTS2
_fc.3
_i28541
_si
999 _c23470
_d23470